000 00959nac a22002657a 4500
001 BR0705657
003 BR-BrBNA
005 20240105123511.0
008 230509b bl.|||m| |||| 00| 0 por d
040 _aBR-BrBNA
_bpor
_cBiblioteca Nacional de Agricultura
072 _aL51
090 _aL51 BR0705657
100 1 _aFerreira, E.A.
110 1 _aCentro Nacional de Ensino e Pesquisas Agronômicas, Rio de Janeiro, GB (Brasil)
_91723
110 1 _aEscola Nacional de Agronomia, Rio de Janeiro, GB (Brasil)
_94327
245 1 _aOs sais minerais na alimentação animal
260 3 _aRio de Janeiro, GB (Brasil):
_c1941.
300 _a28 p.
490 _aSIA (Brazil)
_vno. 693
_x
500 _aReprint of "Boletim da Sociedade Brasileira de Agronomia" v. 4(2)Jun 1941; Documento microfilmado e tratado BR6005140
650 _aSAL MINERAL
650 _aNUTRIÇÃO ANIMAL
909 _a202312
_bLúcia Elande
_c55
_dLúcia Elande
942 _2AGRIS
_n0
_cMS
999 _c295743
_d295743